Rhyming Pairs Quiz Stats

 Plays Quiz not verified by Sporcle

Score 0/10 Timer 06:00
1 Play Today
Hint % Correct
Unhappy Parentmad dad
89.2%
Misty amphibianfog frog
61.4%
A buck's brewed beveragedeer beer
58.3%
Flower holder headquartersvase base
54.4%
Weird apefunky monkey
50.6%
Connected washing basinlink sink
46.7%
Water spewing rock formationfountain mountain
40.2%
Surface top, tall taletable fable
27%
English muffin instrumentcrumpet trumpet
23.2%
Extra-terrestrial utensilmoon spoon
20.8%

You're not logged in!

Compare scores with friends on all Sporcle quizzes.
OR
Log In

Show Comments

Extras

Created Nov 27, 2009ReportNominate
Tags:rhyme, Rhyming Pairs

Top Quizzes Today


Score Distribution

Your Account Isn't Verified!

In order to create a playlist on Sporcle, you need to verify the email address you used during registration. Go to your Sporcle Settings to finish the process.

Report this User

Report this user for behavior that violates our Community Guidelines.

Details: